000 00266nam a22001217a 4500
008 260415b ||||| |||| 00| 0 eng d
041 _aShqip
080 _a191.1
100 _a20
101 _aTregime
245 _aFshati pa Varreza
_cKim Mehmeti
942 _2udc
_cBK
999 _c60974
_d60974